Baník časopis venovaný baníctvu a hutníctvu na Slovensku

Bibliographic Details
Corporate Authors: Bane a huty na Slovensku, n.p. (Bratislava, Slovensko) (Publisher), Kníhtlačiareň Kultúra (Spišská Nová Ves, Slovensko) (tlač.)
Other Authors: Ráth, A., iný (Publishing director), Petrík, Arnošt (Publishing director), Palovič, Vladimír (Publishing director)
Format: Journal
Language:Slovak
PhysicalDescription:2 roč. 21 x 30 cm
Published: Spišská Nová Ves Bane a huty, n. p., na Slovensku 1948-1949
Subjects:

MARC

LEADER 00000nas a22000001a 4500
001 vtls010301003
003 SK-MaSNL
005 20260228162918.0
008 110810d19481949xo mr p r 0 b0slo
015 |a SNBDS17XX9999 
015 |a 0021  |2 Balúnová 1945-60 
038 |a SNKBUDS 
040 |a SNK  |b slo  |c SNK  |e AACR2 
041 0 |a slo 
044 |a xo  |c SK 
080 |a 622  |2 2001 
245 0 0 |a Baník  |b časopis venovaný baníctvu a hutníctvu na Slovensku 
260 |a Spišská Nová Ves  |b Bane a huty, n. p., na Slovensku  |c 1948-1949 
300 |a 2 roč.  |c 21 x 30 cm 
310 |a 1x mesačne 
362 0 |a Roč. I, č. 1 (apríl 1948)-roč. II, č. 1 (jan. 1949) 
500 |a Zmena podnázvu: od 3/I (jún 1948) Časopis zamestnancov baníctva a hutníctva na Slovensku 
500 |a Vych. v Spišskej Novej Vsi mesačne 
500 |a Zodp. zást. čas. A. Ráth, od 5/I (aug. 1948) Arnošt Petrík, od 1/II (jan. 1949) Vladimír Palovič 
500 |a Vyd. Bane a huty, n. p., na Slovensku [v Bratislave] 
500 |a Tlač. „Kultúra“ v Spišskej Novej Vsi 
500 |a Vych. od apr. 1948; pov. ONV v Spišskej Novej Vsi č. 12908/1947, od 1/II PIO č. 12252/48-III/2 z 12. nov. 1948; časopis zastavený v jan. 1949 
505 8 0 |g Roč. I. 1948 9 č. po 12 s. 
505 8 0 |g Roč. II. 1949 1 č. 16 s. 
650 0 7 |a baníctvo  |2 SNKPH  |9 3571 
650 0 7 |a metalurgia  |2 SNKBUDS  |9 941 
655 7 |a podnikové časopisy  |2 SNKBUDS  |9 265225 
700 1 |a Ráth, A.,  |c iný  |4 pbd  |9 272480 
700 1 |a Petrík, Arnošt  |4 pbd  |9 272481 
700 1 |a Palovič, Vladimír  |4 pbd  |9 272482 
710 2 |a Bane a huty na Slovensku, n.p. (Bratislava, Slovensko)  |e vydav.  |9 272483 
710 2 |a Kníhtlačiareň Kultúra (Spišská Nová Ves, Slovensko)  |e tlač.  |9 272484 
852 |a SNK  |b 10000  |h ČSB 466 
852 |a UKB  |b 300000  |h XX B 282 
852 |a UKB  |b 300000  |h SB 807 
852 |a SVKKK  |b 900000  |h C 144 
999 |c 8541  |d 10471 
952 |0 0  |1 0  |4 0  |7 0  |a SNK  |b SNK  |d 2013-04-04  |l 0  |o snkČSB 466/1/1948  |p 17A0711591  |r 2026-02-21 20:24:23  |w 2026-02-21  |y PREZ 
952 |0 0  |1 0  |4 0  |7 0  |8 5  |a SNK  |b SNK  |d 2012-04-25  |i snkXI. 3089/55  |l 0  |o snkČSB 466/2/1949  |p 17A0711592  |r 2026-02-21 20:30:03  |t č. 1, prestal vychádzať  |w 2026-02-21  |y PREZ